How to Train Your Dragon Characters - Statistics

General Stats
  • This quiz has been taken 123 times
  • The average score is 20 of 38
Answer Stats
Characters Answer % Correct
1 main character Hiccup
100%
2 main characters wife Astrid
98%
9 dragon of 1 toothless
92%
5 father of 1 Stoick
91%
7 mother of 1 valka
85%
12 boy who falls in love with 2 snotlout
83%
14 funny twin ruffnut and tuffnut
81%
skullcrusher
76%
8 dragon of ^ cloudjumper
74%
13 dragon of ^ hookfang
72%
20 blacksmith gobber
71%
18 beserker chief dagur
65%
22 dragon of twins barf and belch
63%
16 mace of one of the twins macey
63%
23 kid who loves dragons fishlegs
62%
21 dragon of ^ grump
62%
15 cousin of ^ gruffnut
60%
10 where all dragons came from hidden world
59%
24 dragon of ^ meatlug
58%
3 girl kid of 1 and 2 Zephyr
55%
4 boy kid of 1 and 2 Nuffink
53%
29 alpha dragon bewilderbeast
48%
6 dragon of ^ thornado
48%
11 dragon of 1 stormfly
43%
27 people who fly with baby razorwhips wing maidens
42%
31 bigger whiter version of whispering death screaming death
40%
25 bad guy who enslaves dragons Drago bludvist
36%
36 twin boy's favourite pet chicken
33%
26 evil man who worked for him krogan
30%
30 evil queen green dragon red death
30%
19 dragon of ^ sleuther
29%
17 enemy of night furies grimmel the grisly
16%
32 tidal class titan dragon ryker confined shellfire
16%
35 scauldron twins rescue scauldy
15%
34 dragon who eats lava eruptadon
13%
28 defenders of the wing dragon The Great Protector
10%
33 green dragon that looks like a tree forever wing
9%
37 death song who almost died gaffiljorg
0%
No matching quizzes found
Score Distribution
Percent of People with Each Score
Percentile by Number Answered
Your Score History
You have not taken this quiz